000 00735nam a2200289Ia 4500
005 20260324112526.0
008 008 260324s9999 xx 000 0 eng d
020 _a9781032726823
037 _aEBOOK
040 _aCRL
040 _beng
040 _cCRL
041 _2eng
041 _aeng
084 _qCRL
100 _aAdalberto Pessoa Jr; Beatriz Vahan Kilikian; Paul Long
_91143058
245 0 _aPurification of Biotechnological Products
245 2 _bA Focus on Industrial Applications
260 _bTaylor and Francis
260 _c2024
365 _a
365 _b355
856 _uhttp://www.taylorfrancis.com/books/9781032726823
942 _cEBOOK
999 _c1732297
_d1732297